Odhad efektov reformy Spoločnej poľnohospodárskej politiky v kontexte poľnohospodárstva Slovenska

Modelové riešenie predikcie dosahov návrhov zmien Spoločnej poľnohospodárskej politiky EÚ po roku 2013 v kontexte slovenského poľnohospodárstva. Riešenie bolo realizované modelom vypočítateľnej všeobecnej rovnováhy s dôrazom na produkčné a znevýhodnené oblasti poľnohospodárstva a teoretické odmeny z...

Ausführliche Beschreibung

Gespeichert in:
Bibliographische Detailangaben
1. Verfasser: Uhrinčaťová, Eva
Format: Buchkapitel
Sprache:Slowakisch
Schlagworte:
Tags: Tag hinzufügen
Keine Tags, Fügen Sie das erste Tag hinzu!

MARC

LEADER 00000naa a2200000 4500
001 0142117
005 20231018092528.2
041 0 |a slo 
044 |a SK 
245 1 0 |a Odhad efektov reformy Spoločnej poľnohospodárskej politiky v kontexte poľnohospodárstva Slovenska  |c Eva Uhrinčaťová 
520 |a Modelové riešenie predikcie dosahov návrhov zmien Spoločnej poľnohospodárskej politiky EÚ po roku 2013 v kontexte slovenského poľnohospodárstva. Riešenie bolo realizované modelom vypočítateľnej všeobecnej rovnováhy s dôrazom na produkčné a znevýhodnené oblasti poľnohospodárstva a teoretické odmeny za poľnohospodársku pôdu. 
610 2 0 |a poľnohospodárstvo 
610 2 0 |a Slovensko 
610 2 0 |a politika poľnohospodárska 
610 2 0 |a Európska únia 
610 2 0 |a modely 
610 2 0 |a modely rovnováhy 
610 2 0 |a prognózovanie 
100 1 |a Uhrinčaťová, Eva